000
00299nam a2200121Ia 4500
008
240624s9999 xx 000 0 und d
041
_a
eng
082
_a
658.15 CHA
100
_a
CHATTERJEE
245
_a
MULTIPLE CHOICE QUESTIONS ON BANK FINANC
260
_c
2015
_a
Kolkata
_b
Law Point
365
_c
RS
999
_c
27829
_d
27829